000 00627nas a2200217 4500
001 BR7306539
003 BR-BrBNA
005 20231205082611.0
007 ta
008 230509b bl.|||p| |||| 00| 00por d
040 _aBR-BrBNA
_bpor
_cBiblioteca Nacional de Agricultura
041 _a(Pt)
072 _aQ10
100 1 _aBonassi, I.A.
245 1 _aFabricacao e conservacao do iogurte
650 _aINDUSTRIA ALIMENTICIA
650 _aIOGURTE
773 0 _tAtualidades Veterinarias (Brazil)
_xISSN 0100-2759
_g(Jun 1976), v. 5(32) p. 14-15
_wBR7306539
909 _a202311
_bLúcia
_c55
_dLúcia Elande
942 _2AGRIS
_n0
_cANA
999 _c93132
_d93132